000 00842nam a2200301 a 4500
001 0000428
003 DO-SdBPM
005 20250812111705.0
007 ta
008 091125s2000 xx a 000 0 spa d
020 _a0804832420
040 _aDO-SdBPM
_bspa
_cBPMSU
_erda
082 4 _a736.982
_bO69e 2000
_222
245 0 0 _a Origami extravaganza!
_c
260 _a
_b
_c
264 _aBoston :
_b Periplus Editions,
_c2000
300 _a92 páginas :
_bilustraciones ;
_c19 cm.
_e
336 _atexto
_btxt
_2rdacontent
337 _asin mediación
_bn
_2rdamedia
338 _avolumen
_bnc
_2rdacarrier
500 _a
590 _aInventariado, 2025/VM
650 7 _aOrigami
_x
650 7 _aOrigami
_xTécnicas
650 7 _aTrabajos manuales (Educación)
910 _a VMateo V. Control de calidad. BPMSU
942 _2ddc
_cBK
999 _c15317
_d15317